Statistiques concernant Harry Potter: les Gallions

Cliquez ici pour prendre le quiz!

Statistiques générales

  • Ce quiz a été pris 25 fois
    (14 depuis la dernière actualisation)
  • Le résultat moyen est 4 sur 5

Statistiques - réponses

InformationRéponses% Correct
Première apparitionHarry Potter à l'école des sorciers
100%
Dernière apparitionHarry Potter et les Reliques de la Mort
100%
MatièreOr
92%
Equivalent en Mornilles17 Mornilles
50%
Equivalent en Noises493 Noises
17%

Distribution des résultats

Percentile par nombre de réponses

% des personnes avec chaque résultat

Votre développement - résultats

Vous n’avez pas pris ce quiz depuis la dernière actualisation